000 00495nam a2200181Ia 4500
005 20250508155126.0
008 008 250505s9999 xx 000 0 eng d
037 _aTextual
040 _aFEDL
_beng
_cFEDL
041 _aeng
_2eng
084 _a700.63, LAL
_qFEDL
245 0 _aSeminar on art education. 1956
245 0 _cLALIT KALA AKADAMI
260 _aNew Delhi, India
_bLalit Kala Akadami
300 _a153p.
942 _cTEXL
_h700.63, LAL
999 _c1354463
_d1354463